000 00321nam a2200145Ia 4500
003 OSt
008 191201s2010 xx 000 0 und d
100 _aBASU, C R
245 0 _aBusiness Organisation and Management
250 _aRep
260 _aN. delhi
_bTMH
_c2010
300 _a490
650 _aBBA
942 _2ddc
_cBK
999 _c5962
_d5962